000
00275nam a22001217a 4500
008
170527b xxu||||| |||| 00| 0 eng d
041
_a
GER
080
_a
621.3
100
_a
25
101
_a
IM
245
_a
ANALYSE TECHNISCHER SYSTEME
_c
MACFARLANE, A.G.J
942
_2
udc
_c
BK
999
_c
14640
_d
14640